Analýza eurasijského integračního projektu

Vzink integračného zoskupenia Euroázijské hospodárske spoločenstvo (EURASEC), ktoré tvoria štáty: Rusko, Kazachstan, Bielorusko, Tadžikistan a Kirgizsko. Dohoda o vzniku Colnej únie Bieloruska, Kazachstanu a Ruska. Euroázijská hospodárska únia a perspektívy jej rozšírenia.

Gespeichert in:
Bibliographische Detailangaben
1. Verfasser: Heler, Daniel
Format: Buchkapitel
Sprache:Tschechisch
Schlagworte:
Tags: Tag hinzufügen
Keine Tags, Fügen Sie das erste Tag hinzu!

MARC

LEADER 00000nla a2200000 4500
001 0185112
005 20240209090656.6
041 0 |a cze 
044 |a CZ 
245 1 0 |a Analýza eurasijského integračního projektu  |c Daniel Heler 
520 |a Vzink integračného zoskupenia Euroázijské hospodárske spoločenstvo (EURASEC), ktoré tvoria štáty: Rusko, Kazachstan, Bielorusko, Tadžikistan a Kirgizsko. Dohoda o vzniku Colnej únie Bieloruska, Kazachstanu a Ruska. Euroázijská hospodárska únia a perspektívy jej rozšírenia. 
610 2 0 |a integrácia ekonomická medzinárodná 
610 2 0 |a spolupráca hospodárska medzinárodná 
610 2 0 |a únie colné 
610 2 0 |a únie hospodárske 
610 2 0 |a politika zahraničná 
610 2 0 |a politika medzinárodná 
610 2 0 |a Rusko 
610 2 0 |a Bielorusko 
610 2 0 |a Kazachstan 
610 2 0 |a Kirgizsko 
610 2 0 |a Tadžikistan 
100 1 |a Heler, Daniel